000 01087nam a22002051 4500
001 000018348
005 20240503073630.0
008 780607s1968 sp a 000 0 spa
040 _aDO-SdBNP
_bspa
_cBNPHU
082 _axxx
_bC419
100 1 _aCervantes Saavedra, Miguel de,
_d1547-1616
_93070
245 0 0 _aEntremeses /
_cMiguel De Cervantes Saavedra ; introducción Arturo Souto.
260 _aMéxico :
_bPorrúa,
_c1968.
300 _a210 p. :
_bil. ;
_c19 cm.
490 1 _a¨Sepan cuantos...¨
_vno. 98
505 0 _tDe el juez de los divorcios--
_tDel Rufián viudo llamado trampagos --
_tDe la eleccion de los alcaldes de Daganzo --
_tDe la guarda cuidadosa --
_tDel Vizcaíno fingido --
_tDel retablo de las maravillas --
_tDe la cueva de Salamanca --
_tDe el viejo celoso --
_gAtribuidos:
_tDe los habladores --
_tDe la cárcel de Sevilla --
_tDe el hospital de los podridos --
_tFamosos de los romances --
_tDe los Mirones
700 2 _aAlcina Franch, Juan,
_eintrod.
_939742
830 0 _a¨Sepan cuantos...¨
_nno. 98
_939743
830 0 _aObras maestras de la literatura universal
_939744
999 _c17869
_d17869